[Event "SLO-ch U16"]
[Site "Bled"]
[Date "2015.02.25"]
[Round "8"]
[White "Kovacec, Klemen"]
[Black "Brcar, Matej"]
[Result "0-1"]
[WhiteElo "1466"]
[BlackElo "1747"]
[PlyCount "54"]
[EventDate "2015.02.21"]
[EventType "swiss"]
[EventRounds "9"]
[EventCountry "SLO"]
[SourceTitle "EXT 2023"]
[Source "ChessBase"]
[SourceDate "2022.10.05"]
[SourceVersion "1"]
[SourceVersionDate "2022.10.05"]
[SourceQuality "1"]

1. e4 e5 2. Nf3 Nc6 3. Bb5 a6 4. Bxc6 dxc6 5. 0-0 Bg4 6. h3 h5 7. d3 Qf6 8. Nbd2 Ne7 9. Nc4 Bxf3 10. Qxf3 Qxf3 11. gxf3 Ng6 12. Kh2 0-0-0 13. Bg5 f6 14. Be3 Nh4 15. Kg3 g5 16. Rad1 Be7 17. d4 f5 18. exf5 exd4 19. Bc1 Nxf5+ 20. Kh2 Nh4 21. f4 gxf4 22. Bxf4 Rhg8 23. Nd2 Rdf8 24. Bg3 c5 25. Rde1 Ng6 26. Nc4 h4 27. Be5 b5 0-1

[Event "Ptuj op 01"]
[Site "Ptuj"]
[Date "2014.01.25"]
[Round "8"]
[White "Gunsek, Alfred"]
[Black "Kovacec, Klemen"]
[Result "1/2-1/2"]
[WhiteElo "1689"]
[BlackElo "1403"]
[PlyCount "96"]
[EventDate "2014.01.17"]
[EventType "swiss"]
[EventRounds "9"]
[EventCountry "SLO"]
[SourceTitle "EXT 2016"]
[Source "ChessBase"]
[SourceDate "2015.10.08"]
[SourceVersion "1"]
[SourceVersionDate "2015.10.08"]
[SourceQuality "1"]

1. d4 Nf6 2. c4 c5 3. Nf3 g6 4. e3 d6 5. Nc3 Bg7 6. dxc5 dxc5 7. Qxd8+ Kxd8 8. h3 Nc6 9. a3 b6 10. Bd3 Ba6 11. 0-0 Na5 12. Nd2 Kc7 13. a4 Rhd8 14. Be2 Nc6 15. Rb1 Nb4 16. Nb5+ Bxb5 17. axb5 a6 18. bxa6 Rxa6 19. Rd1 Nd3 20. Nb3 Nxc1 21. Rdxc1 Ne4 22. Rc2 Ra2 23. Nc1 Ra4 24. Bd3 Nd6 25. b3 Ra3 26. Ra2 Rda8 27. Rxa3 Rxa3 28. Ne2 Ra1 29. Rxa1 Bxa1 30. Nf4 e6 31. Kf1 Kc6 32. g3 Be5 33. Ne2 b5 34. f4 Bg7 35. cxb5+ Nxb5 36. Bxb5+ Kxb5 37. Nc1 c4 38. bxc4+ Kxc4 39. Ke2 Kd5 40. Kd3 e5 41. e4+ Kd6 42. Ne2 Bh6 43. Ke3 f5 44. Kf3 fxe4+ 45. Kxe4 exf4 46. gxf4 Bg7 47. Ng1 Bf6 48. Nf3 h6 1/2-1/2

[Event "Styrian op U14/16 20th"]
[Site "Mureck"]
[Date "2013.07.31"]
[Round "1"]
[White "Kovacec, Klemen"]
[Black "Lackner, Susanne"]
[Result "1-0"]
[WhiteElo "1392"]
[BlackElo "1019"]
[PlyCount "95"]
[EventDate "2013.07.31"]
[EventType "swiss"]
[EventRounds "9"]
[EventCountry "AUT"]
[SourceTitle "EXT 2015"]
[Source "ChessBase"]
[SourceDate "2014.11.20"]
[SourceVersion "1"]
[SourceVersionDate "2014.11.20"]
[SourceQuality "1"]

1. e4 e5 2. Nf3 Nc6 3. Bb5 d6 4. d4 Qe7 5. d5 Bd7 6. dxc6 bxc6 7. Bc4 Nf6 8. Nc3 Be6 9. Bb3 Rd8 10. 0-0 h6 11. Qe2 Bc8 12. Rd1 g5 13. Ba4 Bb7 14. Nd5 Nxd5 15. exd5 Kd7 16. Qc4 Ke8 17. Bxc6+ Bxc6 18. Qxc6+ Qd7 19. Qxd7+ Kxd7 20. Be3 e4 21. Nd4 Bg7 22. c3 Rb8 23. Nb3 a6 24. Bd4 Bxd4 25. Rxd4 f5 26. Rf1 a5 27. f3 e3 28. Re1 Rhe8 29. Re2 f4 30. Ra4 Rb5 31. Rxa5 Rxa5 32. Nxa5 Re5 33. c4 h5 34. h3 Ke7 35. Nc6+ Kf6 36. Nxe5 Kxe5 37. a4 Kd4 38. a5 Kd3 39. Kf1 Kxc4 40. a6 g4 41. a7 gxf3 42. gxf3 Kxd5 43. a8Q+ Ke6 44. Qe4+ Kd7 45. Qxf4 h4 46. Rxe3 Kc6 47. Rc3+ Kd5 48. Qe4# 1-0

[Event "Ptuj op 7th"]
[Site "Ptuj"]
[Date "2012.12.29"]
[Round "9"]
[White "Napast, Viktor"]
[Black "Kovacec, Klemen"]
[Result "1-0"]
[WhiteElo "2093"]
[BlackElo "1376"]
[PlyCount "43"]
[EventDate "2012.12.22"]
[EventType "swiss"]
[EventRounds "9"]
[EventCountry "SLO"]
[SourceTitle "CBM 152 Extra"]
[Source "ChessBase"]
[SourceDate "2013.02.25"]
[SourceVersion "1"]
[SourceVersionDate "2013.02.25"]
[SourceQuality "1"]

1. e4 e5 2. Nf3 Nc6 3. Bc4 Bc5 4. 0-0 Nf6 5. c3 d6 6. b4 Bb6 7. d3 0-0 8. Bg5 Bg4 9. Nbd2 h6 10. Bh4 g5 11. Bg3 h5 12. h3 h4 13. hxg4 hxg3 14. Nxg5 Bxf2+ 15. Rxf2 gxf2+ 16. Kxf2 Kg7 17. Qf3 d5 18. exd5 Nxd5 19. Qf5 Qf6 20. Bxd5 Qxf5+ 21. gxf5 f6 22. Ne6+ 1-0

[Event "Ptuj op 7th"]
[Site "Ptuj"]
[Date "2012.12.23"]
[Round "3"]
[White "Kovacec, Klemen"]
[Black "Suta, Andraz"]
[Result "0-1"]
[WhiteElo "1376"]
[BlackElo "1776"]
[PlyCount "40"]
[EventDate "2012.12.22"]
[EventType "swiss"]
[EventRounds "9"]
[EventCountry "SLO"]
[SourceTitle "CBM 152 Extra"]
[Source "ChessBase"]
[SourceDate "2013.02.25"]
[SourceVersion "1"]
[SourceVersionDate "2013.02.25"]
[SourceQuality "1"]

1. e4 e5 2. Nf3 Nc6 3. Bb5 Nd4 4. Nxd4 exd4 5. 0-0 c6 6. Bc4 Nf6 7. e5 d5 8. exd6 Qxd6 9. d3 Be7 10. Qf3 0-0 11. Bf4 Qc5 12. Nd2 Bg4 13. Qg3 Qf5 14. h3 Be2 15. Rfe1 Nh5 16. Qh2 Nxf4 17. g3 Nxh3+ 18. Kg2 Qxf2+ 19. Kxh3 Bg4+ 20. Kxg4 Qxh2 0-1

[Event "SLO-ch qual"]
[Site "Ptuj"]
[Date "2012.06.01"]
[Round "7"]
[White "Kovacec, Klemen"]
[Black "Nikolic, Stanko"]
[Result "0-1"]
[WhiteElo "1435"]
[BlackElo "1944"]
[PlyCount "38"]
[EventDate "2012.05.24"]
[EventType "swiss"]
[EventRounds "9"]
[EventCountry "SLO"]
[SourceTitle "EXT 2019"]
[Source "ChessBase"]
[SourceDate "2018.10.10"]
[SourceVersion "1"]
[SourceVersionDate "2018.10.10"]
[SourceQuality "1"]

1. e4 c5 2. Nf3 d6 3. d4 cxd4 4. Nxd4 Nf6 5. Nc3 a6 6. f3 e6 7. Be3 Nc6 8. Qd2 Be7 9. 0-0-0 Qc7 10. g4 b5 11. Kb1 Bb7 12. h4 Nd7 13. f4 Nc5 14. Bg2 b4 15. Nce2 Nxd4 16. Qxd4 0-0 17. Qxb4 a5 18. Qc4 Ba6 19. Qc3 Bxe2 0-1

[Event "SLO-ch qual"]
[Site "Ptuj"]
[Date "2012.05.26"]
[Round "5"]
[White "Slatnar, Janez"]
[Black "Kovacec, Klemen"]
[Result "1-0"]
[WhiteElo "1574"]
[BlackElo "1435"]
[PlyCount "75"]
[EventDate "2012.05.24"]
[EventType "swiss"]
[EventRounds "9"]
[EventCountry "SLO"]
[SourceTitle "EXT 2019"]
[Source "ChessBase"]
[SourceDate "2018.10.10"]
[SourceVersion "1"]
[SourceVersionDate "2018.10.10"]
[SourceQuality "1"]

1. e4 e5 2. Nf3 Nc6 3. Bc4 Bc5 4. c3 Nf6 5. d3 0-0 6. Bb3 d5 7. exd5 Nxd5 8. h3 Re8 9. 0-0 Bf5 10. Bg5 f6 11. Bh4 Kh8 12. Bg3 Bb6 13. Na3 Re7 14. Nc4 Bc5 15. Bc2 Qe8 16. Ncd2 Qg6 17. Ne4 Bxe4 18. dxe4 Qxg3 19. exd5 Rd8 20. b4 Nxb4 21. cxb4 Bb6 22. Bb3 Qf4 23. Qd2 Qf5 24. Rad1 c6 25. d6 Red7 26. Qc2 Qxc2 27. Bxc2 Rxd6 28. Rxd6 Rxd6 29. Rd1 Rxd1+ 30. Bxd1 Kg8 31. Kf1 Kf7 32. Ke2 Ke6 33. Nd2 Kd5 34. f3 Bd4 35. Bb3+ Kd6 36. Ne4+ Kc7 37. Nc5 Kb6 38. Ne6 1-0

[Event "Sentjur Ipavec Memorial U11"]
[Site "Sentjur"]
[Date "2011.09.18"]
[Round "6"]
[White "Obreza, Rok"]
[Black "Kovacec, Klemen"]
[Result "0-1"]
[WhiteElo "1500"]
[BlackElo "1500"]
[PlyCount "94"]
[EventDate "2011.09.14"]
[EventType "swiss"]
[EventRounds "9"]
[EventCountry "SLO"]
[SourceTitle "CBM 144 Extra"]
[Source "ChessBase"]
[SourceDate "2011.10.28"]
[SourceVersion "1"]
[SourceVersionDate "2011.10.28"]
[SourceQuality "1"]

1. Nf3 d5 2. Nc3 Nf6 3. g3 Nc6 4. Bg2 e5 5. 0-0 Bc5 6. b3 0-0 7. Bb2 Bg4 8. Na4 Bd6 9. d4 exd4 10. Bxd4 Nxd4 11. Qxd4 Re8 12. Ng5 Be5 13. Qb4 Bxa1 14. Rxa1 b6 15. Qb5 Rxe2 16. Nc3 Rxc2 17. Nxd5 Nxd5 18. Bxd5 Rc5 19. Qd3 Qxg5 20. Bxa8 g6 21. Re1 Qf5 22. Re8+ Kg7 23. Be4 Rc1+ 24. Qf1 Rxf1+ 25. Kxf1 Qb5+ 26. Kg2 Qxe8 27. Bd5 Be6 28. Bf3 Qb5 29. Be4 Bd5 30. Bxd5 Qxd5+ 31. Kg1 Kf6 32. a4 Qxb3 33. Kg2 c5 34. Kh3 c4 35. f4 Qxg3+ 36. Kxg3 c3 37. Kf2 c2 38. Ke2 c1Q 39. Kd3 Qxf4 40. a5 Ke5 41. axb6 Qd4+ 42. Ke2 axb6 43. h4 Qe3+ 44. Kd1 Qf2 45. Kc1 Kd4 46. Kd1 Kd3 47. Kc1 Qc2# 0-1

[Event "Sentjur Ipavec Memorial U11"]
[Site "Sentjur"]
[Date "2011.09.15"]
[Round "2"]
[White "Majcen, Ana"]
[Black "Kovacec, Klemen"]
[Result "0-1"]
[WhiteElo "1500"]
[BlackElo "1500"]
[PlyCount "60"]
[EventDate "2011.09.14"]
[EventType "swiss"]
[EventRounds "9"]
[EventCountry "SLO"]
[SourceTitle "CBM 144 Extra"]
[Source "ChessBase"]
[SourceDate "2011.10.28"]
[SourceVersion "1"]
[SourceVersionDate "2011.10.28"]
[SourceQuality "1"]

1. e4 e5 2. Nf3 Nc6 3. Nc3 Nf6 4. Bb5 a6 5. Bxc6 dxc6 6. Nxe5 Bb4 7. d3 0-0 8. 0-0 Re8 9. Nc4 Bg4 10. Qe1 Nd5 11. a3 Bxc3 12. bxc3 Qf6 13. Bb2 Qg6 14. h3 Bxh3 15. g3 Bxf1 16. Qxf1 Nf4 17. Na5 b6 18. Nb7 Rab8 19. Nd6 cxd6 20. c4 Re6 21. d4 Rxe4 22. c5 bxc5 23. dxc5 Rxb2 24. Qxa6 h6 25. Qc8+ Kh7 26. Kf1 Re2 27. Qc7 Rbxc2 28. cxd6 Rxf2+ 29. Ke1 Nd3+ 30. Kd1 Qg4# 0-1